TVD/TO/L Trivia #1 - EASY - Statistics

General Stats
  • This quiz has been taken 555 times
  • The average score is 4 of 9
Answer Stats
Question Series Answer % Correct
Which of the Mikaelson siblings is the only one who did not appear in TVD? The Vampire Diaries/The Originals Freya
75%
Approximately, how old was Qetsiyah? The Vampire Diaries 2,000 Years Old
67%
Who is the first Mikaelson sibling shown in the TVDU? The Vampire Diaries Elijah
67%
In TVD, who are both of Elena's doppelgangers? The Vampire Diaries Katerina and Amara Petrova
67%
Which Petrova doppelganger was the above answer looking for? The Vampire Diaries Elena Gilbert
44%
Who turned Hayley into a Hybrid? The Originals Hope
35%
Who killed Aiden to send a message? The Originals Dahlia
24%
Name EVERY Mikaelson sibling from youngest to Oldest The Originals Henrik, Rebekah, Kol, Niklaus, Elijah, Finn, Freya
11%
What spell did Hope use to disable to Croatoan in Legacies S2 06? Legacies Ventus
2%
No matching quizzes found
Score Distribution
Percent of People with Each Score
Percentile by Number Answered
Your Score History
You have not taken this quiz